Εισαγωγικά στην ιστορία του κινήματος της εργατικής τάξης : η διαμόρφωση της εθνικής και κοινωνικής συνείδησης στην Ελλάδα
Αποθηκεύτηκε σε:
| Κύριος συγγραφέας: | |
|---|---|
| Μορφή: | Βιβλίο |
| Γλώσσα: | Greek |
| Δημοσίευση: |
Αθήνα :
Καστανιώτης,
1985.
|
| Έκδοση: | 2η έκδ. |
| Θέματα: | |
| Ετικέτες: |
Προσθήκη ετικέτας
Δεν υπάρχουν, Καταχωρήστε ετικέτα πρώτοι!
|
MARC
| LEADER | 00000cam a2200000 i 4500 | ||
|---|---|---|---|
| 001 | 1/87772 | ||
| 008 | 950706s1985 gr | ||| |||| ||gre|| | ||
| 020 | |a 9600300704 | ||
| 035 | |a 1986 |c Αγορά |l 10035328 | ||
| 035 | |l 10071292 | ||
| 040 | |a GR-MY-UA |b gre |e aacr | ||
| 041 | 0 | |a gre | |
| 082 | 7 | |a 305.56209495 |2 (22) | |
| 100 | 1 | |a Μοσκώφ, Κωστής, |d 1943-1998. | |
| 245 | 1 | 0 | |a Εισαγωγικά στην ιστορία του κινήματος της εργατικής τάξης : |b η διαμόρφωση της εθνικής και κοινωνικής συνείδησης στην Ελλάδα / |c Κωστής Μοσκώφ. |
| 250 | |a 2η έκδ. | ||
| 260 | |a Αθήνα : |b Καστανιώτης, |c 1985. | ||
| 300 | |a 530 σ. ; |c 21 εκ. | ||
| 500 | |a Το Παράρτημα Μυτιλήνης διαθέτει και την τρίτη έκδοση του 1988. | ||
| 504 | |a Βιβλιογραφία: σ. 501-530. | ||
| 650 | 0 | |a Working class |z Greece |x History. | |
| 650 | 0 | |a Labor unions |z Greece |x History. | |
| 650 | 0 | 0 | |a Syndicalism |x Greece |x History. |
| 852 | |a INST |b CHIOS |e 19960219 |h 305.56209495 MOΣ |p 005200000933 |q 005200000933 |t BK |y 0 | ||
| 852 | |a INST |b CHIOS |e 19960219 |h 305.56209495 MOΣ |p 005200006200 |q 005200006200 |t BK |y 0 | ||
| 852 | |a INST |b CHIOS |e 19960219 |h 305.56209495 MOΣ |p 005200006201 |q 005200006201 |t BK |y 0 | ||
| 852 | |a INST |b LESVOS |e 19950706 |h 305.56209495 ΜΟΣ |p 005100007938 |q 005100007938 |t BK |y 0 | ||
| 852 | |a INST |b LESVOS |e 19950706 |h 305.56209495 ΜΟΣ |p 005100007939 |q 005100007939 |t BK |y 0 | ||
| 852 | |a INST |b LESVOS |e 20031024 |h 305.56209495 ΜΟΣ |p 005100029691 |q 005100029691 |t BK |y 0 | ||
| 852 | |a INST |b RHODES |e 19960704 |h 305.56209495 ΜΟΣ |p 005400004500 |q 005400004500 |t BK |y 0 | ||
| 901 | |a BIBL1-2003-3 | ||
| 901 | |a BIBL1-2003-3 | ||
| 909 | |a Ρ |b 003386 | ||
| 909 | |a Χ |b 002522 | ||
| 909 | |a Χ |b 010622 | ||
| 909 | |a Χ |b 006627 | ||
| 909 | |a Λ |b 006815 | ||
| 909 | |a Λ |b 011327 | ||
| 909 | |a Λ |b 099524 | ||
| 909 | |a Λ |b 099524 | ||
| 920 | |a ΕΠΕΑΕΚ ΚΟΙΝΩΝΙΟΛΟΓΙΑΣ |y Λέσβος |z 2002-01 | ||
| 920 | |a ΕΠΕΑΕΚ ΚΟΙΝΩΝΙΟΛΟΓΙΑΣ |y Λέσβος |z 2002-01 | ||
| 970 | |z 1995/07 | ||
| 970 | |z 2003/10 | ||